| 000 | 00450nam a2200157Ia 4500 | ||
|---|---|---|---|
| 008 | 210716s2012 xx 000 0 und d | ||
| 020 | _a9788131516300 | ||
| 041 | _aeng | ||
| 082 | _a658.4038 SCHK | ||
| 100 | _aSchwalbe, Kathy. | ||
| 245 | _aManaging information technology projects. | ||
| 250 | _a6 | ||
| 260 |
_aNew Delhi _bCengage Learning India Pvt Ltd _c2012 |
||
| 300 | _axxv,490,A79,B20,G17,I16 | ||
| 650 | _aManagement Information Systems | ||
| 999 |
_c209711 _d209711 |
||